00334nam a2200121Ia 4500082001200000100001800012245002900030260005400059300002000113650003200133650002900165710001800194 aTG.0314 aGeorge, Leena 0aGinger economy of Kerala c1996bCochin University of Science and Technology a196p.+ C D - 36 aGINGER - MARKETING - KERALA aGINGER INDUSTRY - KERALA aFrancis, C.A.